000 006720000a22002050004500
090 _aAR
_b04018
245 1 0 _aRole of call frequency and the auditory papillae in phonotactic behavior in male dart-poison frogs Epipedobates femoralis (Dendrobatidae)
500 _a<Curso de Bioacústica>
650 1 4 _aBioacústica
_952592
650 1 4 _aEtología
_97606
650 1 4 _aAnfibios
_992768
650 1 4 _aTerritorialidad animal
_997867
651 4 _pGuyana francesa
_992749
041 0 _aInglés
700 1 _aAmézquita, A.
_997868
700 1 _aNarins, P. M.
_997869
100 1 _aHodl, W.
_997870
942 _cARTICULO
773 1 _tJ. Comp. Physiol A.
_q823-829
_d2004
_g190
999 _c13051
_d13051